| 000 | 01078nam a22003257a 4500 | ||
|---|---|---|---|
| 003 | CHAP | ||
| 005 | 20220329134052.0 | ||
| 008 | 971013s1968 r 00010 d | ||
| 010 | _a14936 | ||
| 011 | _a15908 | ||
| 035 | _a19985 | ||
| 040 | _cCHAP | ||
| 082 |
_a633.82 _bG73 1968 |
||
| 110 |
_aGran Bretaña. Ministry of Agriculture, Fisheries and Food _950316 |
||
| 245 | _aHop growing and drying | ||
| 250 | _a2 ed. | ||
| 260 |
_aLonson : _bHer Majesty's Stationery Office, _c1968 |
||
| 300 |
_a88 p. _b: ilus |
||
| 490 |
_aHer Majesty's Stationery Office. Bulletin _v; 164 |
||
| 590 |
_aBATCH-UPD _b10 _c20130110 _lUCH01 _h0116 |
||
| 590 |
_aBATCH-UPD _b10 _c20130110 _lUCH01 _h2213 |
||
| 590 |
_aBATCH-UPD _b10 _c20130410 _lUCH01 _h1515 |
||
| 590 |
_aBATCH-UPD _b10 _c20130914 _lUCH01 _h1606 |
||
| 590 |
_aCONVERSION _b10 _c20130109 _lUCH01 _h1309 |
||
| 650 | 1 | 4 |
_aLúpulo. _968623 |
| 830 | 0 |
_aHer Majesty's Stationery Office. Bulletin _v; 164 _953664 |
|
| 901 | _aBK | ||
| 942 | _cLIBRO | ||
| 949 |
_a633.82 G73 1968 _bBC _cLIBRO _d33724000199196 _eLIBRO _h14949 _i19985 _si _t27.00 |
||
| 999 |
_c14936 _d14936 |
||